Kuchnia towarzyska i uczuciowa / (Record no. 1833)

MARC details
000 -LEADER
fixed length control field 01458cam a2200469 i 4500
001 - CONTROL NUMBER
control field data
005 - DATE AND TIME OF LATEST TRANSACTION
control field 20260322212120.0
008 - FIXED-LENGTH DATA ELEMENTS--GENERAL INFORMATION
fixed length control field data
035 ## - SYSTEM CONTROL NUMBER
System control number 22666343
010 ## - LIBRARY OF CONGRESS CONTROL NUMBER
LC control number 2022404948
016 7# - NATIONAL BIBLIOGRAPHIC AGENCY CONTROL NUMBER
Record control number 020640516
Source Uk
020 ## - INTERNATIONAL STANDARD BOOK NUMBER
International Standard Book Number 9788365614407
Qualifying information hardcover
020 ## - INTERNATIONAL STANDARD BOOK NUMBER
International Standard Book Number 8365614405
035 ## - SYSTEM CONTROL NUMBER
System control number (OCoLC)1389778197
040 ## - CATALOGING SOURCE
Original cataloging agency UKMGB
Language of cataloging eng
Description conventions rda
Transcribing agency UKMGB
Modifying agency DLC
-- OCLCO
-- DLC
042 ## - AUTHENTICATION CODE
Authentication code lccopycat
050 00 - LIBRARY OF CONGRESS CALL NUMBER
Classification number TX801
Item number .R796 2021
082 04 - DEWEY DECIMAL CLASSIFICATION NUMBER
Classification number 641.5/636
Edition information 23
100 1# - MAIN ENTRY--PERSONAL NAME
Personal name Rottenberg, Anda,
Relator term author.
245 10 - TITLE STATEMENT
Title Kuchnia towarzyska i uczuciowa /
Statement of responsibility, etc. Anda Rottenberg i przyjaciele ; kolaże, Alicja Biała.
250 ## - EDITION STATEMENT
Edition statement Wydanie pierwsze.
264 #1 - PRODUCTION, PUBLICATION, DISTRIBUTION, MANUFACTURE, AND COPYRIGHT NOTICE
Place of production, publication, distribution, manufacture Kraków :
Name of producer, publisher, distributor, manufacturer Wydawnictwo a5,
Date of production, publication, distribution, manufacture, or copyright notice 2021.
300 ## - PHYSICAL DESCRIPTION
Extent 319 pages :
Other physical details illustrations (color) ;
Dimensions 25 cm
336 ## - CONTENT TYPE
Content type term text
Source rdacontent
337 ## - MEDIA TYPE
Media type term unmediated
Source rdamedia
338 ## - CARRIER TYPE
Carrier type term volume
Source rdacarrier
650 #0 - SUBJECT ADDED ENTRY--TOPICAL TERM
Topical term or geographic name entry element Seasonal cooking.
650 #0 - SUBJECT ADDED ENTRY--TOPICAL TERM
Topical term or geographic name entry element Vegetarian cooking.
650 #0 - SUBJECT ADDED ENTRY--TOPICAL TERM
Topical term or geographic name entry element Cooking.
650 #7 - SUBJECT ADDED ENTRY--TOPICAL TERM
Topical term or geographic name entry element Cooking
Source of heading or term fast
650 #7 - SUBJECT ADDED ENTRY--TOPICAL TERM
Topical term or geographic name entry element Vegetarian cooking
Source of heading or term fast
650 #7 - SUBJECT ADDED ENTRY--TOPICAL TERM
Topical term or geographic name entry element Seasonal cooking
Source of heading or term fast
650 #7 - SUBJECT ADDED ENTRY--TOPICAL TERM
Topical term or geographic name entry element Cooking (Seafood)
Source of heading or term fast
655 #7 - INDEX TERM--GENRE/FORM
Genre/form data or focus term Cookbooks
Source of term fast
700 1# - ADDED ENTRY--PERSONAL NAME
Personal name Biała, Alicja,
Relator term illustrator.
906 ## - LOCAL DATA ELEMENT F, LDF (RLIN)
a 7
b cbc
c copycat
d 3
e ncip
f 20
g y-gencatlg
925 0# -
-- acquire
-- 1 shelf copy
-- policy default
923 ## -
-- 20220614
-- 222260LC63
-- PlWaKWL
985 ## -
-- VENDOR LOAD
Holdings
Withdrawn status Lost status Damaged status Not for loan Home library Current library Shelving location Date acquired Total checkouts Full call number Barcode Date last seen Price effective from Koha item type
        Centerville Centerville General stacks 22/03/2026   641.5/636 LOC-CPL-00001 22/03/2026 22/03/2026 Books